European football clubs that have become undefeated Champions - Statistics

General Stats
  • This quiz has been taken 43 times
  • The average score is 6 of 12
Answer Stats
Season Country Club % Correct
2003/04 England FC Arsenal
95%
1991/92 Italy AC Milan
92%
2011/12 Portugal FC Porto
90%
2023/24 Germany Bayer 04 Leverkusen
87%
2016/18 Scotland Celtic Glasgow
54%
1986-89 Rumania Steaua Bucharest
46%
2011/12 Italy Juventus Turin
38%
1995 Latvia Skonto Riga
33%
1994/95 Netherlands Ajax Amsterdam
31%
1971/72 Portugal Benfica Lisbon
31%
2010 Norway Rosenborg Trondheim
21%
2001/02 Ukraine Schachtar Donetsk
8%
No matching quizzes found
Score Distribution
Percent of People with Each Score
Percentile by Number Answered
Your Score History
You have not taken this quiz